| 000 | 00423nam a22001697a 4500 | ||
|---|---|---|---|
| 003 | CEME | ||
| 005 | 20210628210619.0 | ||
| 008 | 210210b xxu||||| |||| 00| 0 eng d | ||
| 040 | _c. | ||
| 082 | _a512.9 KAU | ||
| 100 |
_aKaufmann, Jerome.E _980180 |
||
| 245 | _aElementary and intermediate algebra a combined approach | ||
| 260 |
_aBOSTON _bPWS _c1994 |
||
| 300 | _a757P | ||
| 650 |
_aALGEBRA _98509 |
||
| 942 |
_cBK _2ddc |
||
| 999 |
_c585142 _d585142 |
||